Click the 25 biggest European Cities on a Map - Statistics

General Stats
  • This quiz has been taken 96 times
  • The average score is 23 of 25
Answers on the Map
Answers color-coded by a green-red scale on the quiz's map according to % correct below.
 
Answer Stats
Answer % Correct
Brussels
98%
London
98%
Paris
98%
Rome
98%
Athens
96%
Budapest
96%
Lisbon
96%
Madrid
96%
Moscow
96%
Warsaw
96%
Milan
95%
Amsterdam
94%
Barcelona
94%
Manchester
94%
Saint Petersburg
94%
Vienna
94%
Berlin
93%
Birmingham
93%
Kiev
93%
Naples
93%
Rotterdam
93%
Frankfurt/Main
91%
Hamburg
86%
Stuttgart
85%
Munich
84%
No matching quizzes found
Score Distribution
Percent of People with Each Score
Percentile by Number Answered
Your Score History
You have not taken this quiz